000 00698nam a2200229 a 4500
001 BRCA_7837
005 20190320210022.0
008 071113s1966----gw-abc####---#000-0#ger-#
041 _ager
044 _agw
050 4 _aF1211
_b.B43 1966
100 1 _aBeck, Hanno
_919404
245 1 0 _aAlejandro von Humboldt y Mexico
_baportaciones a una visión geográfica
_cHanno Beck.
260 _aColonia, Alemania
_bInter Nationes
_c1966
300 _a54 p.
_bil., 8 láminas, mapas, retratos
500 _aY41
600 1 4 _aHumboldt, Alexander Freiherr von
_d1769-1859
_99159
650 1 4 _aViajeros alemanes
_97026
651 4 _aMéxico
_xDescripción y viajes
_9103
902 _aGFM
942 _2lcc
_cB
999 _c7511
_d7511